| 000 -LEADER |
| fixed length control field |
02340cam a2200397 a 4500 |
| 001 - CONTROL NUMBER |
| control field |
14825492 |
| 003 - CONTROL NUMBER IDENTIFIER |
| control field |
NUST |
| 005 - DATE AND TIME OF LATEST TRANSACTION |
| control field |
20170518163744.0 |
| 008 - FIXED-LENGTH DATA ELEMENTS--GENERAL INFORMATION |
| fixed length control field |
070427s2008 enk b 001 0 eng |
| 010 ## - LIBRARY OF CONGRESS CONTROL NUMBER |
| LC control number |
2007017713 |
| 015 ## - NATIONAL BIBLIOGRAPHY NUMBER |
| National bibliography number |
GBA708136 |
| Source |
bnb |
| 016 7# - NATIONAL BIBLIOGRAPHIC AGENCY CONTROL NUMBER |
| Record control number |
013655616 |
| Source |
Uk |
| 020 ## - INTERNATIONAL STANDARD BOOK NUMBER |
| International Standard Book Number |
9780415393683 (hardback : alk. paper) |
| 020 ## - INTERNATIONAL STANDARD BOOK NUMBER |
| International Standard Book Number |
041539368X (hardback : alk. paper) |
| 020 ## - INTERNATIONAL STANDARD BOOK NUMBER |
| International Standard Book Number |
9780415393690 (pbk. : alk. paper) |
| 020 ## - INTERNATIONAL STANDARD BOOK NUMBER |
| International Standard Book Number |
0415393698 (pbk. : alk. paper) |
| 020 ## - INTERNATIONAL STANDARD BOOK NUMBER |
| International Standard Book Number |
9780203965740 (ebook) |
| 020 ## - INTERNATIONAL STANDARD BOOK NUMBER |
| International Standard Book Number |
0203965744 (ebook) |
| 035 ## - SYSTEM CONTROL NUMBER |
| System control number |
(OCoLC)ocm81452964 |
| 035 ## - SYSTEM CONTROL NUMBER |
| System control number |
(OCoLC)81452964 |
| 040 ## - CATALOGING SOURCE |
| Original cataloging agency |
DLC |
| Transcribing agency |
DLC |
| Modifying agency |
UKM |
| -- |
BTCTA |
| -- |
BAKER |
| -- |
BWKUK |
| -- |
BWK |
| -- |
YDXCP |
| -- |
OCLCQ |
| -- |
DLC |
| 043 ## - GEOGRAPHIC AREA CODE |
| Geographic area code |
e-uk-en |
| 050 00 - LIBRARY OF CONGRESS CALL NUMBER |
| Classification number |
KD1641 |
| Item number |
.M87 2008 |
| 082 00 - DEWEY DECIMAL CLASSIFICATION NUMBER |
| Classification number |
343.4107862 MUR |
| Edition number |
22 |
| 100 1# - MAIN ENTRY--PERSONAL NAME |
| Personal name |
Murdoch, J. R. |
| 9 (RLIN) |
1150 |
| 245 10 - TITLE STATEMENT |
| Title |
Construction contracts : |
| Remainder of title |
law and management / |
| Statement of responsibility, etc. |
John Murdoch and Will Hughes. |
| 250 ## - EDITION STATEMENT |
| Edition statement |
4th ed. |
| 260 ## - PUBLICATION, DISTRIBUTION, ETC. |
| Place of publication, distribution, etc. |
London ; |
| -- |
New York : |
| Name of publisher, distributor, etc. |
Taylor & Francis, |
| Date of publication, distribution, etc. |
2008. |
| 300 ## - PHYSICAL DESCRIPTION |
| Extent |
xxvi, 401 p. ; |
| Dimensions |
24 cm. |
| 504 ## - BIBLIOGRAPHY, ETC. NOTE |
| Bibliography, etc. note |
Includes bibliographical references (p. [383]-387) and indexes. |
| 505 0# - FORMATTED CONTENTS NOTE |
| Formatted contents note |
UK construction industry context -- Roles and relationships -- General contracting -- Design and build -- Management contracting -- Construction management -- Procurement methods and risk allocation -- Contract choice -- Tendering and contract formation -- Liability in contract and tort -- Contractor's obligations -- Employer's obligations -- Responsibility for design -- Time -- Payment -- Contractors' claims for loss and expense -- Insurance and bonds -- Role of the contract administrator -- Sub-contracts -- Employer-selected sub-contractors -- Financial remedies for breach of contract -- Defective buildings and subsequent owners -- Suspension and termination of contracts -- Non-adversarial dispute resolution -- Adversarial dispute resolution. |
| 650 #0 - SUBJECT ADDED ENTRY--TOPICAL TERM |
| Topical term or geographic name entry element |
Construction contracts |
| Geographic subdivision |
England. |
| 9 (RLIN) |
1026 |
| 700 1# - ADDED ENTRY--PERSONAL NAME |
| Personal name |
Hughes, Will |
| Fuller form of name |
(William Paul), |
| Dates associated with a name |
1956- |
| 9 (RLIN) |
1151 |
| 856 41 - ELECTRONIC LOCATION AND ACCESS |
| Materials specified |
Table of contents only |
| Uniform Resource Identifier |
<a href="http://www.loc.gov/catdir/toc/ecip0716/2007017713.html">http://www.loc.gov/catdir/toc/ecip0716/2007017713.html</a> |
| 906 ## - LOCAL DATA ELEMENT F, LDF (RLIN) |
| a |
7 |
| b |
cbc |
| c |
orignew |
| d |
1 |
| e |
ecip |
| f |
20 |
| g |
y-gencatlg |
| 942 ## - ADDED ENTRY ELEMENTS (KOHA) |
| Source of classification or shelving scheme |
|
| Koha item type |
Book |